| 000 | 01226aab a2200193 i 4500 | ||
|---|---|---|---|
| 001 | 768714001 | ||
| 003 | CO-MdFUSB | ||
| 005 | 20240424123837.0 | ||
| 008 | 240424t1999 ck ||||| |||| 00| 0 spa d | ||
| 040 |
_bspa _cCO-MdFUSB |
||
| 041 | _aspa | ||
| 100 | 1 |
_aChao Montes, J. Jorge _eautor |
|
| 245 | 1 | 0 |
_aRectificación histórica _c/ J. Jorge Chao Montes |
| 300 |
_aVolumen 18, número 1 y 2 (enero - Julio, 1999), páginas: 48 - 50 _c; 27 cm |
||
| 520 | _aEn resumen, ya en 1971 el movimiento mexicano, con todas las debilidades que pueda haber tenido, no era un movimiento pionero sino un movimiento en expansión y consolidación. Por lo menos tres representantes de la. C. I. E. E. habían sido parte de el fermento pionero entre la década de los años 50 y 1967; ya se habían desarrollado, desde las bases estudiantiles, algunos profesionales comprometidos con la misión cristiana en diferentes campos, y ya se habla contado con un secretario general y otros asesores mexicanos, también formados desde las bases estudiantiles | ||
| 650 | 0 |
_aHistoria de la Iglesia _9153 |
|
| 773 | 0 |
_tIglesia y Misión _049402 _959632 _gVolumen 18, número 1 y 2 (enero - Julio, 1999), páginas: 48 - 50 _qpáginas: 48 |
|
| 942 | _cANA | ||
| 999 |
_c52383 _d52383 |
||